UK house price inflation up (Record no. 118287)
[ view plain ]
| 000 -LEADER | |
|---|---|
| fixed length control field | 01078cam a2200217 4500 |
| 001 - CONTROL NUMBER | |
| control field | WB@3612-470 |
| 008 - FIXED-LENGTH DATA ELEMENTS--GENERAL INFORMATION | |
| fixed length control field | 041110n2004 000 0 eng u |
| 035 ## - SYSTEM CONTROL NUMBER | |
| System control number | (Sirsi) u127933 |
| 245 ## - TITLE STATEMENT | |
| Title | UK house price inflation up |
| 260 ## - PUBLICATION, DISTRIBUTION, ETC. | |
| Date of publication, distribution, etc. | 2004 |
| 490 ## - SERIES STATEMENT | |
| Series statement | ODPM Statistical Release |
| Volume/sequential designation | (2004/0264) 8 November 2004 (3) |
| 520 ## - SUMMARY, ETC. | |
| Summary, etc. | The ODPM has released "House price index: September 2004". The figures show that UK house price inflation rate rose slightly from 13.6% in August 2004 to 13.8% in September 2004. Annual house price inflation in London was 6.6% in September. The mix-adjusted average house price in the UK was £179 201, for first time buyers the price was £143 761. The inflation rate for first time buyers remained unchanged at 15.6%. Further details and tables can be viewed on the website. http://www.odpm.gov.uk/pns/displaypn.cgi?pn_id=200 4_0264 |
| 590 ## - LOCAL NOTE (RLIN) | |
| Local note | WB |
| 590 ## - LOCAL NOTE (RLIN) | |
| Local note | WB |
| 650 ## - SUBJECT ADDED ENTRY--TOPICAL TERM | |
| Topical term or geographic name entry element | HOUSE PRICES |
| 650 ## - SUBJECT ADDED ENTRY--TOPICAL TERM | |
| Topical term or geographic name entry element | HOUSE PRICE INFLATION |
| 650 ## - SUBJECT ADDED ENTRY--TOPICAL TERM | |
| Topical term or geographic name entry element | INTEREST RATES |
| 650 ## - SUBJECT ADDED ENTRY--TOPICAL TERM | |
| Topical term or geographic name entry element | HOUSING-MARKET |
| 690 ## - LOCAL SUBJECT ADDED ENTRY--TOPICAL TERM (OCLC, RLIN) | |
| Topical term or geographic name as entry element | HOUSING-HOUSE PRICES |
| 942 ## - ADDED ENTRY ELEMENTS (KOHA) | |
| Suppress in OPAC | 0 |
| Withdrawn status | Lost status | Source of classification or shelving scheme | Damaged status | Not for loan | Home library | Current library | Shelving location | Date acquired | Total Checkouts | Full call number | Barcode | Date last seen | Copy number | Price effective from | Koha item type |
|---|---|---|---|---|---|---|---|---|---|---|---|---|---|---|---|
| Dewey Decimal Classification | London | London | News article | 10/11/2004 | WB4043-06 | 127933-1001 | 06/08/2019 | 1 | 06/08/2019 | News article |